[Event "XXXVII Abierto Internaci"]
[Site "?"]
[Date "2012.01.12"]
[Round "6"]
[White "Torres Ventosa, Pedro Eugenio"]
[Black "Gutierrez Valero, Mario"]
[Result "1-0"]
[WhiteElo "2324"]
[BlackElo "2074"]
[Annotator "Torres,P.E"]
[PlyCount "85"]
[EventDate "2012.01.14"]
[SourceDate "2012.01.07"]

{Partida presentada al Premio de Belleza.   A continuación voy a analizar una
partida que disputé en el torneo más prestigioso de nuestra ciudad, Sevilla.
!Disfruten de la partida!    Transcurría la sexta ronda del Open de Sevilla,
cuando la suerte o casualidad deparó un enfrentamiento entre dos miembros del
club Alekhine. Este torneo, Open que trato de jugar todos los años posibles,
me traía muy buenos recuerdos, debido a que hace 1 año obtuve el título de MF
tras ganarle una disputada partida al jugador sevillano Manuel Carrabeo García
(que curiosamente el destino hizo enfrentarme a él de nuevo en esta edición
del torneo).  Mario y yo hemos jugado en diversas ocasiones: partidas lentas,
partidas rápidas... ha habido todo tipo de resultados y prácticamente todas se
decidían por un pequeño detalle que determinaba la partida.   Me encontraba en
casa y vi el emparejamiento por internet. Cuando vi su nombre... !hubiera
preferido otro rival! Mario siempre me ha parecido un jugador muy fuerte,
pienso que su ELO es más bajo de su verdadero potencial. Él y yo nos conocemos
perfectamente. Sabemos mutuamente lo que jugamos, y añadiendo que él está muy
preparado teóricamente, hacía que tuviera una tarea entre manos muy difícil:
Intentar sorprenderle en la apertura.} 1. e4 c5 2. Nf3 Nc6 3. c3 {Revisando mi
base de datos, vi que todas mis partidas contra él (a ritmo lento) eran con
las piezas negras. Aún así, y gracias a haber jugado innumerables partidas,
recordaba perfectamente la defensa que me iba a plantear, y confiando en que
no cambiara su juego, preparé una línea de doble filo, en la cual yo entregaba
un peón (y hasta 2 en algunas subvariantes) a cambio de iniciativa.} d5 4. exd5
Qxd5 5. d4 Bg4 6. Be2 cxd4 7. cxd4 e6 8. h3 Bh5 9. Nc3 Bb4 10. O-O Qa5 {
Hasta este momento, hemos jugado muchas partidas así de la variante Alapin de
la Defensa Siciliana. Aquí he jugado otras variantes como son: 11.Ae3 o 11.Ad2,
pero esta vez me decanté por 11.a3, debido a que vi una partida reciente entre
maestros en la cual el blanco ganaba con comodidad, así que intenté "imitarle".
} 11. a3 Bxc3 {La variante principal que esperaba.} ({
También analicé las siguientes variantes antes de la partida:} 11... Bxf3 12.
Bxf3 Bxc3 13. bxc3 Qxc3 (13... Nge7 14. Qb3 O-O 15. Bf4 $16) 14. Rb1 Nxd4 15.
Bxb7 Rd8 16. Qa4+ Ke7 (16... Kf8 17. Bb2 Qc5 18. Rfd1 $16) 17. Be3 Ne2+ (17...
Nf6 18. Kh1 $18) 18. Kh1 $18) (11... Nf6 12. Qb3 Bxc3 13. Qxb7 O-O 14. bxc3
Rfc8 15. Rb1 Qxc3 (15... Rab8 $4 16. Qxc6 $18) 16. Bd2 Qxa3 17. Rfc1 Qf8 $8 (
17... Qe7 18. Qa6 Qe8 19. Bb5 $16) 18. Qa6 $14 {Quizá la variante más
complicada para el blanco. La compensación es mínima pero el negro tiene un
juego muy limitado.} (18. Rxc6 $2 Rcb8 $17)) (11... Nge7 12. Rb1 Bd6 13. b4 Qd8
14. b5 Na5 15. Ne4 $14 {La última partida a ritmo relámpago que jugamos fue
muy parecida a esta variante.}) 12. bxc3 Nge7 {De nuevo, la jugada que
esperaba. Debido a las diversas partidas que hemos disputado a ritmo rápido,
sabía con certeza que Mario solía sacar el caballo por e7. Aún así, en la
preparación de la partida analicé otras variantes.} ({La línea más compleja:} 
12... Qxc3 13. Bd2 Qb2 14. Rb1 Qxa3 15. Ne5 $5 {La jugada 15.Txb7, tras
analizar profundamente con Fritz 12, no otorga al blanco tanta ventaja como
aparenta.} Bxe2 (15... Nxe5 16. Bxh5 Nc6 (16... Nd7 17. Rxb7 $18) 17. d5 $1
exd5 18. Rb3 Qd6 19. Re1+ Nge7 20. Rxb7 $16) 16. Qxe2 Nf6 (16... Nxd4 17. Qc4
$18) (16... Nxe5 17. Qxe5 Nf6 18. Qb5+ Nd7 19. Qxb7 $18) 17. Rxb7 $18) (12...
Nf6 13. Qb3 Qb6 14. Rb1 $14) 13. Rb1 Qc7 14. Rb5 $5 {La jugada con la que
pretendí sorprender a Mario. En este momento mi reloj contaba con 96 minutos.
Psicológicamete quería ganar la batalla de la preparación de la partida.
Normalmente suele pasar al revés, debido a que Mario suele saber mucha más
teoría que yo. Sin embargo, fue aquí Mario quien estuvo pensando un largo
tiempo hasta que se decidió por una jugada que me sorprendió.} Nd5 $5 ({
La partida que preparé más a fondo para intentar jugar de la misma manera, fue
la siguiente:} 14... Bg6 15. c4 O-O 16. Qb3 b6 17. d5 exd5 18. cxd5 Na5 19. Qb4
Qd8 20. d6 Nec6 21. Qf4 Re8 22. Be3 Re4 23. Qg3 Nc4 24. Bxc4 Rxc4 25. Rd1 Qd7
26. Ne5 Nxe5 27. Rxe5 Re4 28. Rxe4 Bxe4 29. Bd4 Bg6 30. Qe5 {Sevillano, E.
2461 - Georgiev, VI. 2553. Los Angeles, USA. 1-0.    No pude imitar la partida
en su totalidad, pero al menos me sirvió hasta la jugada 14.}) 15. Qb3 {
Mi primer pensamiento fue esta jugada. Tras ver que 15...Ca5 me traíaproblemas 
(donde el negro luego comería en c3 con su caballo de d5), estuve analizando
15.Ad2.  Sin embargo, decidí retomar los análisis con 15.Db3, y analizando
muchas variantes (que veremos a continuación) logré comprobar que el blanco
quedaba mejor en todas las variantes.} b6 {Diagrama # Ciertamente, 15...b6 me
sorprendió. Estuve muchos minutos calculando la crítica 15...Ca5.} ({
La jugada crítica:} 15... Na5 16. Qa4 Nxc3 17. Rxb7+ $1 Nxa4 (17... Qc6 18.
Qxc6+ Nxc6 19. Ba6 $14) 18. Rxc7 {
Aquí seguí analizando hasta ver que conseguía ventaja.} O-O 19. Bd1 $1 {
Si el negro retira el caballo de a4, pierde tras 20.Tc5.} Bxf3 $8 20. Bxf3 {
Aquí pensé que ya me quedaba mucho mejor, pero vi otra posibilidad del negro,
que luego comprobé que tampoco servía para mi rival.} Rfc8 (20... Rac8 21. Rxa7
$16) 21. Bf4 $1 $18 {Todas las piezas negras están descolocadas y eso permite
al blanco quedar con una ventaja muy amplia. Tras ver estos análisis, fue
cuando me decidí por hacer 15.Db3.}) 16. Rxd5 $1 {Analicé diversas variantes
antes de lanzarme al sacrificio. Vi que si el negro jugaba lo mejor posible,
el blanco siempre quedaba con una posición muy cómoda a pesar de la calidad de
menos. A partir de aquí Mario juega las jugadas exactas para conseguir la
mejor defensa para el negro.} exd5 17. Qxd5 Bxf3 ({
No había otra opción que cambiar en f3. Si:} 17... Bg6 18. Bb5 Rc8 19. Ne5 $18)
18. Bxf3 Rc8 {Cualquier otra jugada conlleva a la pérdida del caballo de c6.}
19. Re1+ Kf8 20. a4 $1 {La jugada precisa. Tras ver que Aa3 es imparable, fue
entonces por lo que me decidí a sacrificar en d5 en la jugada 16. Seguí
calculando un poco más y vi que las amenazas del blanco son muy fuertes. El
rey negro sólo puede salvar su posición escapando por h7.} h6 {Cualquier otra
variante lleva a la pérdida de la partida. La amenaza Aa3+ seguido de Dxc6 y
mate en e8 están latentes y sólo se pueden evitar con la escapada del rey por
la columna h.} 21. Ba3+ Kg8 22. Bd6 {La dama negra se encuentra en apuros,
pero aún puede intentar mantener la posición.} Qd8 ({
22...Db7 pierde la partida tras una brillante combinación del blanco:} 22...
Qb7 23. Re7 $3 Qxe7 24. Bxe7 Nxe7 25. Qd7 $18) ({Tampoco soluciona nada:} 22...
Qd7 23. Bg4 $18) 23. Bg4 $1 {La jugada más exacta de la posición. La torre
negra de h8 no juega y las demás piezas negras están sobrecargadas.} Rc7 {
El negro se libra como puede de las múltiples amenazas del blanco. Mario tiene
que tener cuidado con los mates en la octava, las pérdidas de material...} 24.
c4 {Aquí preferí optar por la vía cómoda. Es imparable 25.Axc7, lo que me
otorgará una cómoda ventaja con peón de más y mejor posición.} ({
Quizá más exacta era:} 24. Bh5 $1) 24... g6 25. Bxc7 Qxc7 26. Bf3 ({
También entró en mis cálculos:} 26. Bd7 {
Pero me molestaba la siguiente variante:} Nb4 27. Qb5 Nc2 {En 2 jugadas el
negro ha activado su caballo. Aún así tengo ventaja, pero prefería mantener a
su caballo más rezagado.}) 26... Ne7 27. Qb5 ({
Otra opción válida que consideré fue:} 27. Qe4) 27... Nf5 28. Rd1 {
El peón pasado de "d" es fuerte y más aún con la torre apoyándolo.} Kg7 29. c5
$1 {Estuve varios minutos calculando 29.d5 y 29.Ae4, pero me decidí por 29.c5
para crear un peón débil en b6 y tener más espacio para maniobrar con mis
piezas.} Rd8 {Diagrama #} 30. cxb6 (30. Qb2 $18) (30. Qc4 $18) 30... axb6 ({
Quizá aguantaba más:} 30... Qxb6 31. Qxb6 axb6 32. d5 $16 {
Y el blanco poco a poco debe mantener la ventaja gracias al peón de más.}) 31.
d5 Qd6 (31... Qc5 32. Qb2+ $18) 32. Be4 $5 {Una jugada que plantea dudas al
rival. El negro debió retirar el caballo a e7 e intentar mantener la posición,
pero el blanco tiene mucho espacio y el peón de d5 es muy fuerte.} Qf4 $6 (
32... Ne7 $142 33. Qb2+ Kh7 34. Qd4 $18 {La posición del blanco va mejorando
por momentos, y el peón de más se hará notar con el paso de las jugadas.}) 33.
Bxf5 {La jugada precisa. Sabía que el final de torres sin más piezas en el
tablero podía ganarse pero con mucha tardanza, y sin embargo el final de damas
sí me otorga una ventaja mayor y por lo tanto ganar en menos tiempo.} ({
Calculé la siguiente variante, hasta que afortunadamente vi que el negro tenía
tablas, así que la rechacé:} 33. Qxb6 Qxe4 34. Qxd8 Nh4 $11 {
El negro da jaque continuo con su dama.} 35. f3 Nxf3+ 36. gxf3 Qe3+ 37. Kf1 ({
Tampoco me libraba con:} 37. Kg2 Qe2+ 38. Kg3 Qxd1 {
Y el rey blanco está muy expuesto a los jaques.}) 37... Qxf3+ $11) 33... Qxf5
34. Qxb6 Rxd5 35. Rxd5 Qxd5 {Diagrama #} 36. a5 {!El peón de a es una bala!}
Qd2 {El negro intenta desesperadamente dar jaques continuos, pero la dama de
b6 defiende el punto clave f2.} 37. a6 Qc1+ 38. Kh2 Qf4+ 39. g3 Qf3 {El blanco 
debe tener cuidado con los posibles jaques continuos, pero tras analizar la
variante que se dio en la partida, se gana con comodidad.} 40. a7 h5 41. Qe3 $1
{A cualquier movimiento de la dama negra, el blanco da un jaque y luego la
dama blanca se posiciona en una casilla mejor para coronar en pocas jugadas.}
Qd5 42. Qc3+ Kh7 43. Qc8 {Y a8=D es imparable. El negro tampoco puede dar
jaques continuos debido a que tras un posible "Dxf2", el blanco ya habrá
coronado una dama, y podrá cubrirse con "Dg2" y así ganar la partida.
Comentarios de P.E. Torres con análisis sin comentarios de R. Montecatine   
En este momento Mario abandonó, y cordialmente nos dimos la mano tras una
bonita partida. Justo hoy hace 1 año que obtuve el título de MF, y para mí la
mejor manera de recordarlo ha sido analizando esta bella partida entre dos
ajedrecistas, dos compañeros de club, dos buenos amigos.    Espero hayan
disfrutado de la partida. Muchas gracias por su atención.    Pedro Eugenio.}
1-0

[Event "XXXVII Abierto Internacional"]
[Site "?"]
[Date "2012.01.08"]
[Round "2"]
[White "Cilleruelo Garcia, Jaime"]
[Black "Muñoz Martin, Pablo"]
[Result "0-1"]
[WhiteElo "1941"]
[BlackElo "2243"]
[Annotator "Montecatine,R"]
[PlyCount "46"]
[SourceDate "2012.01.07"]

1. e4 c5 2. Nf3 Nc6 3. d4 cxd4 4. Nxd4 Nf6 5. Nc3 e5 6. Ndb5 d6 7. Bg5 a6 8.
Na3 b5 9. Nd5 Qa5+ 10. Bd2 Qd8 11. Bg5 Be7 12. Bxf6 Bxf6 13. Nxf6+ Qxf6 14. Qd5
(14. c4) 14... Bb7 $15 15. Rd1 O-O (15... Qg6 16. f3 Rd8 17. Nxb5 axb5 18. Bxb5
O-O 19. Bxc6 Bxc6 20. Qxc6 Qxg2 21. Rf1 Rc8 22. Qxd6 Rxc2 23. Rd2 Rc1+ 24. Rd1
Rfc8 25. Qd2 Qxd2+ 26. Kxd2 R1c2+ 27. Ke3 Rxb2 28. Rc1 Ra8 29. a4 Ra2 30. Rc4
Ra3+ 31. Kf2 R3xa4 32. Rxa4 Rxa4 33. Rb1 h5 34. h4 Kh7 35. Rb6 f5 36. Re6 fxe4
37. Rxe5 exf3 38. Rxh5+ Kg6 39. Rg5+ Kf6 40. Kxf3 Rxh4 41. Ra5 g5 42. Kg3 Rb4
43. Kf3 Kg6 44. Kg3 Kh5 45. Ra3 Rb1 46. Rc3 Rf1 47. Rb3 Rf5 48. Rb4 Rc5 49. Ra4
Rc3+ 50. Kg2 g4 51. Ra8 Rc6 52. Rh8+ Kg5 53. Rg8+ Kf5 54. Rf8+ Rf6 55. Rxf6+
Kxf6 56. Kg3 Kg5 57. Kg2 Kf4 58. Kf2 g3+ 59. Kg2 Kg4 60. Kg1 Kh3 61. Kh1 Kh4
62. Kg2 Kg4 63. Kg1 Kf3 64. Kf1 g2+ 65. Kg1 {
1/2-1/2 (65) Forlot,F (1899)-Pouliquen,D (2060)/Ploermel 2007}) 16. Qxd6 Qf4 {
Diagrama #} 17. Bd3 $6 $17 (17. Qd3) 17... Rac8 $6 (17... Nd4 18. Qd7 (18. c3
Rfd8 19. Qb6 Bxe4 20. cxd4 Rxd4 $19) 18... Bc8 19. Qc7 Bg4 $19) 18. O-O Rfd8
19. Qc5 Nd4 20. Qb6 Rd7 $15 (20... Bxe4 21. Bxe4 Qxe4 22. Kh1 Ne6 $17) 21. c3
$2 (21. Rfe1 Rc6 22. Qa7 Qg5 $19 23. Kh1 Rg6 24. Bf1 Bxe4 $17) 21... Rc6 $19
22. Qa7 (22. g3 Nf3+ 23. Kg2 Nh4+ 24. Kh3 Bc8 $19) 22... Nf3+ 23. gxf3 Rg6+ 0-1

[Event "XXXVII Abierto Internaciona"]
[Site "?"]
[Date "2012.01.14"]
[Round "8"]
[White "Mellado, Juan"]
[Black "Rizouk, Aimen"]
[Result "1-0"]
[WhiteElo "2435"]
[BlackElo "2539"]
[Annotator "Mellado,J"]
[PlyCount "43"]
[EventDate "2012.01.08"]
[SourceDate "2012.01.07"]

{Partida presentado al Premio de Belleza} 1. e4 e5 2. Nf3 Nc6 3. d4 exd4 4.
Nxd4 Nf6 5. Nxc6 bxc6 6. e5 Qe7 7. Qe2 Nd5 8. Nd2 $5 {Lo habitual es 8.c4.  La
textual intenta consolidar el punto critico de la posicion:e5} Nb4 {existen muc
has jugadas en esta posición y todas muy interesantes.  El negro se inclina
por una linea de caracter directo.} (8... g6) (8... Nf4) (8... Rb8 $5) (8... a5
) (8... Bb7) 9. Nf3 Ba6 10. c4 d5 $5 (10... c5 {es la alternativa.}) 11. a3 $1
Bxc4 12. Qd1 $1 Bxf1 (12... Na6 {directamente parece claramente peor} 13. Bxc4
dxc4 14. Qa4 Nb8 15. Qxc4 $16) 13. Kxf1 Na6 14. Qa4 Nb8 15. Bg5 $5 (15. Be3 $5
{. Pero no la golosa}) (15. Qb3 Qc5 $1 16. Qb7 Qb5+ $15) 15... Qc5 $5 (15...
Qd7 $6 16. e6 $1 Qd6 (16... fxe6 17. Ne5 $18 Qd6 18. Qf4 Be7 19. Qf7+ Kd8 20.
Qxg7) 17. Bf4 Qc5 18. Rc1 Qb6 19. Be3 $18) (15... Qe6 16. Rc1 $14 {
con idea de Cd4} Be7 17. Nd4 Qd7 18. h4 O-O 19. Rh3 Re8 20. Bxe7 Rxe7 21. Qb4
Qe8 22. f4 Nd7 23. Rxc6 Nf8 24. Rc2 Ne6 25. Nc6 Rd7 26. Rg3 d4 27. f5 Nd8 28.
Nxd4 c5 29. Rxc5 Nb7 30. e6 Nxc5 31. Qxc5 fxe6 32. fxe6 Qf8+ 33. Qxf8+ Rxf8+
34. Nf3 Re7 35. Rg5 Rxe6 36. Ra5 Re7 37. b4 Rc8 38. Kf2 Rc2+ 39. Kg3 Rc3 40.
Kf4 Rc4+ 41. Kg3 h6 42. h5 Rce4 43. Rc5 Kf7 44. Ra5 Kf6 45. Ra6+ R4e6 46. Ra5
Rd7 47. Kf4 Rc7 48. Ne5 g5+ 49. hxg6 Rce7 50. g7 Rxg7 51. Ng4+ Kg6 52. Ne5+ Kf6
53. Ng4+ {1/2-1/2 (53) Strikovic,A (2465)-Voiska,M (2345)/Zaragoza 1993}) 16.
Rc1 {Diagrama #} Qb5+ $2 (16... Qb6 17. Be3 $1 (17. g3 Bc5 18. Rc2 h6 19. Bc1
Qa6+ 20. Qxa6 Nxa6 21. b4 Bb6 22. Rxc6 Kd7 23. Rc2 Rhe8 24. Kg2 c6 25. Bb2 Nc7
26. Rhc1 {1/2-1/2 (26) Kozak,P (2158)-Biolek,R (2098)/Czechia 2004}) 17... Qb7
(17... Qxb2 $2 18. Rxc6 $1 Qxa3 19. Re6+ Kd8 20. Re8#) 18. h4 $16) 17. Qxb5
cxb5 18. Rxc7 $16 Na6 (18... Nd7 19. Ke2) 19. Rb7 $1 (19. Rc6 $6 Nc5 20. Be3
Ne6 21. Ke2) 19... Nc5 (19... b4 20. axb4 Bxb4 21. Ke2 O-O 22. Ra1 Rfb8 23.
Rxb8+ (23. Rd7) 23... Nxb8 24. Rd1 $16) 20. Rxb5 a6 21. Ra5 $1 $18 {
Las negras tiene todo tocado.} d4 22. Nxd4 {
Abandonan. Partida comentado por Juan Mellado con análisis de R. Montecatine}
1-0

[Event "XXXVII Abierto Internacional "]
[Site "Sevilla (SPAIN)"]
[Date "2012.01.14"]
[Round "8"]
[White "Herraiz Hidalgo, Herminio"]
[Black "Teske, Henrik"]
[Result "1/2-1/2"]
[WhiteElo "2469"]
[BlackElo "2550"]
[Annotator "Montecatine,R"]
[PlyCount "77"]
[EventDate "2012.01.07"]
[SourceDate "2012.01.07"]

1. Nf3 Nf6 2. c4 e6 3. g3 d5 4. d4 c5 5. cxd5 Nxd5 6. Bg2 Nc6 7. O-O cxd4 8.
Nxd4 Bd7 9. e4 Ndb4 10. Nf3 a5 11. Nc3 Be7 $6 (11... Bc5 12. a3 Na6 13. Bf4 O-O
14. Rc1 f6 15. Na4 Ba7 16. Bd6 Rf7 17. e5 fxe5 18. Nc3 Bd4 19. Ne4 h6 20. b4
axb4 21. axb4 Naxb4 22. Nxd4 exd4 23. Bxb4 Nxb4 24. Nd6 Rf8 25. Qxd4 Na2 26.
Rcd1 Bc6 27. Nxb7 Qxd4 28. Rxd4 Nc3 29. Rd2 Ne4 30. Re2 Bxb7 {
1/2-1/2 (30) Ruck,R (2450)-Varga,Z (2520)/Hungary 1998}) 12. Be3 $16 O-O 13. a3
Na6 14. Na4 Qc7 15. Bb6 (15. Rc1) 15... Qc8 16. Rc1 Nab8 (16... Qe8) 17. Be3
$18 Qe8 (17... Qc7) 18. Nb6 $18 Ra6 {Diagrama #} 19. Nxd7 $6 (19. Qb3) (19. Re1
Bd8 20. Nc4 $18) 19... Qxd7 20. Qxd7 Nxd7 21. Rfd1 $16 Rd8 22. Rd2 (22. Rd3)
22... Kf8 (22... Raa8) 23. Rcd1 Nf6 24. Rxd8+ Bxd8 25. Ne5 Ra8 26. Nd7+ (26.
Nxc6 bxc6 $16) 26... Nxd7 (26... Ke8 $14) 27. Rxd7 Rb8 28. f4 Ke8 29. Rd2 Bc7
30. Bf1 $14 (30. e5 Rd8 31. Rxd8+ Bxd8 $14) 30... Rd8 31. Rxd8+ Kxd8 32. Bb5 e5
33. Bc4 Ke7 34. Bd5 f6 35. Kf2 Kd6 36. Ke2 b5 37. Kd3 Nd4 38. fxe5+ fxe5 39.
Bxd4 $11 {Diagrama #} 1/2-1/2

[Event "XXXVII Abierto Internacional "]
[Site "Sevilla (SPAIN)"]
[Date "2012.01.14"]
[Round "8"]
[White "Haslinger, Stewart G"]
[Black "Campora, Daniel H"]
[Result "0-1"]
[WhiteElo "2534"]
[BlackElo "2490"]
[Annotator "Montecatine,R"]
[PlyCount "50"]
[EventDate "2012.01.07"]
[SourceDate "2012.01.07"]

1. e4 e5 2. Nf3 Nc6 3. d4 exd4 4. Nxd4 d6 5. Nc3 Nf6 6. Bf4 Be7 7. Qd3 O-O 8.
O-O-O Nxd4 9. Qxd4 Be6 10. f3 a6 11. g4 Nd7 12. Qe3 Re8 13. h4 b5 14. Qf2 (14.
g5 Nb6 15. a3 Bf8 16. h5 c5 17. g6 fxg6 18. hxg6 h6 19. Bh3 Qf6 {
1/2-1/2 (19) Nikolenko,O (2533)-Kireev,A (2389)/Moscow 2009}) 14... Bf6 $14 15.
Bg5 (15. Ne2) 15... Bxg5+ 16. hxg5 Qxg5+ 17. f4 Qc5 $11 18. Qg3 (18. Qh4 Nf8)
18... b4 19. Nd5 Nf8 (19... Bxd5 20. Rxd5 Qc6) 20. f5 Bxd5 21. Rxd5 Qc6 22. Bg2
Re5 23. Rxe5 dxe5 24. Qxe5 Rd8 {Diagrama #} 25. Rd1 $4 Qh6+ 0-1

[Event "XXXVII Abierto Internacional "]
[Site "Sevilla (SPAIN)"]
[Date "2012.01.14"]
[Round "8"]
[White "Razmyslov, Alexander"]
[Black "Saric, Ante"]
[Result "1/2-1/2"]
[WhiteElo "2438"]
[BlackElo "2528"]
[Annotator "Montecatine,R"]
[PlyCount "24"]
[EventDate "2012.01.07"]
[SourceDate "2012.01.07"]

1. d4 Nf6 2. Nf3 e6 3. c4 Bb4+ 4. Bd2 Qe7 5. g3 Bxd2+ 6. Qxd2 Nc6 7. Nc3 d5 8.
Ne5 dxc4 9. Nxc6 bxc6 10. Bg2 O-O 11. Bxc6 Rb8 12. O-O Qd6 {Diagrama #} 1/2-1/2

[Event "XXXVII Abierto Internacional "]
[Site "Sevilla (SPAIN)"]
[Date "2012.01.14"]
[Round "8"]
[White "Das, Arghyadip"]
[Black "Matamoros Franco, Carlos S"]
[Result "1-0"]
[WhiteElo "2459"]
[BlackElo "2552"]
[Annotator "Montecatine,R"]
[PlyCount "61"]
[EventDate "2012.01.07"]
[SourceDate "2012.01.07"]

1. e4 e6 2. d4 d5 3. Nc3 Bb4 4. e5 Ne7 5. a3 Bxc3+ 6. bxc3 b6 7. Qg4 Ng6 8. h4
h5 9. Qg3 Ba6 10. Bxa6 Nxa6 11. a4 Nb8 12. Bg5 Qd7 13. Ne2 Nc6 14. Qf3 Nf8 (
14... Nge7 15. Nf4 g6 16. Bf6 Rg8 17. Nh3 Nf5 18. Qf4 Na5 19. Ng5 Qc6 20. Rh3
Qc4 21. Rd3 c5 22. Rc1 cxd4 23. cxd4 Nc6 24. Nf3 Nb4 25. Rd2 Na2 26. Ra1 Nb4
27. Rc1 Na2 28. Ra1 {
1/2-1/2 (28) Nestorovic,N (2452)-Tosic,S (2318)/Valjevo 2010}) 15. Nf4 $16 g6
16. Bf6 Rg8 17. Qg3 $16 {Diagrama #} Ne7 18. Bxe7 Qxe7 19. Nxh5 Nd7 20. Nf4
O-O-O 21. Qg5 Qxg5 22. hxg5 Rh8 23. Ke2 Rxh1 24. Rxh1 c5 25. Rh7 Rf8 26. Nd3
Kb7 27. f4 Ka6 {Diagrama #} 28. f5 gxf5 (28... exf5 29. e6 $18) 29. g6 $18 cxd4
30. cxd4 Ka5 31. Nf4 1-0

[Event "XXXVII Abierto Internacional "]
[Site "Sevilla (SPAIN)"]
[Date "2012.01.14"]
[Round "8"]
[White "Malakhatko, Vadim"]
[Black "Diaz Castro, Sergio"]
[Result "1-0"]
[WhiteElo "2524"]
[BlackElo "2211"]
[Annotator "Montecatine,R"]
[PlyCount "63"]
[EventDate "2012.01.07"]
[SourceDate "2012.01.07"]

1. d4 g6 2. c4 Bg7 3. Nc3 d6 4. e4 Nc6 5. Nge2 e5 6. Be3 exd4 7. Nxd4 Nf6 8.
Be2 O-O 9. O-O Re8 10. f3 Nh5 11. Qd2 Nf4 12. Rfd1 Nxd4 13. Bxd4 Bxd4+ 14. Qxd4
Qg5 15. Bf1 Qc5 16. Qf2 $14 (16. Nd5 Nxd5 17. cxd5 f5 18. Qxc5 dxc5 19. Re1
fxe4 20. fxe4 Re5 21. Rac1 Bd7 22. Rxc5 c6 23. b4 Rae8 24. dxc6 Bxc6 25. Rxe5
Rxe5 26. Bd3 a5 27. bxa5 Rxa5 28. Re2 Kf7 29. Bc4+ Kf6 30. Bb3 Ke5 31. Kf2 Kd4
32. Kf3 Rf5+ 33. Kg4 Bxe4 34. Rxe4+ Kxe4 35. Bc2+ Ke5 36. Bxf5 gxf5+ 37. Kg5 b5
38. Kh6 b4 39. Kxh7 Kd4 40. h4 f4 41. h5 Kc3 42. h6 Kb2 43. Kg7 Kxa2 44. h7 b3
45. h8=Q b2 46. Qa8+ Kb3 47. Qb7+ Kc2 48. Qc6+ Kb3 49. Qb5+ Ka2 50. Qa4+ {
1-0 (50) Schmidt,J-Lauterbach,I (2179)/Battle Abbey 2001}) 16... a5 17. g3 Ne6
18. Nd5 Kg7 19. Bh3 Ng5 20. Bg2 Ne6 21. f4 c6 22. Nc3 f6 23. b3 Kf7 24. Rd2 Rd8
25. Rad1 Ke7 26. Qxc5 dxc5 27. Rxd8 Nxd8 28. Na4 Ne6 29. Nb6 Rb8 30. Bh3 g5 31.
Bf5 h6 32. Kf2 1-0